| 000 | 00984cab a2200253 4500 | ||
|---|---|---|---|
| 001 | WB3520-10 | ||
| 008 | 090401t1999 xxu||||| |||| 00| 0 eng d | ||
| 035 | _a(Sirsi) u93610 | ||
| 041 | _aeng | ||
| 245 | _a£3.9m scheme for owners of listed buildings | ||
| 260 | _c1999 | ||
| 350 | _a0 | ||
| 490 |
_aIrish Times _v27 May 1999, 3(1) |
||
| 520 | _aThe Irish government has announced a grant scheme to assist in carrying out conservation work on listed buildings. The standard amount will be 50% of the approved cost of works, up to a maximum of IR£10,000. In exceptional circumstances 75% of the cost, up to IR£20,000 may be approved. Only conservation works will qualify, not routine maintenance, alterations or improvements. | ||
| 650 | _aCONSERVATION GRANTS | ||
| 650 | _aCONSERVATION WORKS | ||
| 650 | _aGRANTS | ||
| 650 | _aIRELAND | ||
| 650 | _aLISTED BUILDINGS | ||
| 650 | _aRENOVATION GRANTS | ||
| 690 | _aCONSERVATION | ||
| 942 | _n0 | ||
| 948 | _c27/05/1999 | ||
| 999 |
_c59326 _d59326 |
||